000 01698njm a2200349Ia 4500
001 20858
003 IT-RoPAU
005 20220918181208.0
008 131025s9999 xx 000 0 und d
040 _aIT-RoPAU
040 _cIT-RoPAU
041 _aINGLESE
999 _c103623
_d103623
999 _bn.d.
100 _aMacDermot Galt
_94041
100 _eAutore musica
_94042
100 _gCodice autore musica SPICS: 10994
_94043
245 _aHair (2 Lp Bl 03274)
250 _a1a ed.
260 _aNEW YORK
260 _bRCA RECORDS
_c1980 [1a Ed.:1980 - Ed. Lingua Orig.: 1980]
300 _aDISCO
300 _c91 minuti (Testo: pag.)
500 _aColonna sonora del film omonimo. Testi italiani delle canzoni. E’ disponibile anche lo spartito con la musica e i testi di tutte le canzoni. Codice Spics dello spartito 21322.
505 _aAquarius - I'm Blak Ain't Got No - Sodomy - L.B.J. (Initials) - Donna Hashish - Hare Krishna - Colored Spade - White Boys - Manchester - Good Morning Starshine - 3-5-0-0 - What a Piece of Work Is Man - Hair - Somebody To Love - Where Do I Go? - Don't Put It Down - Black Boys - Air - The Flesh Failures Let the Sunshine In - Walking in Space - Easy To Be Hard - Electric Blues Old Fashioned Melody - Abie Baby Fourscore - Party Music - My Conviction - I Got Life - Frank Mills
511 _aPierson Tom
511 _aMacDermot Galt
650 _aCOLONNA SONORA [DISCHI]
_eCodice MATERIA SPICS: 9950
_94044
700 _aMacDermot Galt
_gCodice Autore SPICS: 10994
_94045
700 _aRado Jim
_eAutore
_gCodice autore SPICS: 24212
_94046
700 _aRagni Gerome
_eAutore testo e musica
_gCodice autore testo/musica SPICS: 24213
_94047
942 _cMD
_2ddc